« Retourner aux résultats de recherche
Illusions d'optique
le monde fascinant des illusions trompeuses
| Auteur principal: | Inga Menkhoff |
|---|---|
| D'autres auteurs: | Yannick Van Belleghem |
| Support: | Livres |
| Langue: | Francais |
| Publié: |
2008 Parragon Bath |
| Genre: |
Documentaire jeunesse |
| Sujets: | |
| Étiquettes: |
Ajouter
Pas de Tags !
|
| LEADER | 00980nam0a2200217 450 | ||
|---|---|---|---|
| 001 | 16833336 | ||
| 010 | |a 978-1-4075-5207-1 |b Rel. sous jaque |d 9,9 | ||
| 100 | |a 20101002d2008 u u0frey01 ba | ||
| 101 | 1 | |a fre |c ger | |
| 102 | |a GB | ||
| 200 | 0 | |a Illusions d'optique |e le monde fascinant des illusions trompeuses |f Inga Menkhoff |g traduit de l'allemand par Yannick Van Belleghem | |
| 207 | 1 | |a | |
| 210 | |a Bath |c Parragon |d 2008 | ||
| 215 | |a 1 vol. (95 p.) |c illustrations en noir et en couleur |d 28 cm | ||
| 300 | |a Bibliogr. | ||
| 330 | |a Un recueil d'illusions d'optiques telles que des images de roues mobiles qui ne cessent de tourner, des lignes uniques qui se dédoublent, des cartes qui disparaissent, des points qui clignotent, etc. | ||
| 700 | 0 | |a Menkhoff |b Inga |4 70 | |
| 702 | 0 | |a Van Belleghem |b Yannick |4 730 | |
| 900 | |a Documentaire jeunesse | ||
| 901 | |a Accessible au prêt | ||
| 995 | |a BD 13 |b 156 |c Bibliothèque |f 00156008057929 |h 00156008057929 |k E 535 MEN |o p |q j |r az |e BD 13 | ||
